[Event "OP-2021-0-05128"]
[Site "LSS email"]
[Date "2021.04.04"]
[Round "?"]
[White "Hall, John"]
[Black "Ederer, Karel"]
[Result "0-1"]
[WhiteElo "1622"]
[BlackElo "2026"]
[PlyCount "76"]
[EventDate "2021.04.03"]
[EventType "tourn (corr)"]
[EventRounds "4"]
[EventCountry "GER"]
[SourceTitle "Corr 2024"]
[Source "ChessBase"]
[SourceDate "2023.10.19"]
[SourceVersion "1"]
[SourceVersionDate "2023.10.19"]
[SourceQuality "1"]

1. d4 Nf6 2. Nf3 g6 3. e3 Bg7 4. Be2 0-0 5. 0-0 d6 6. c4 Nbd7 7. Nc3 e5 8. b4 a5 9. b5 Re8 10. a4 Rb8 11. Bb2 exd4 12. exd4 c5 13. Qd2 Nb6 14. h3 cxd4 15. Nxd4 Nfd7 16. Nd5 Nxd5 17. cxd5 Nc5 18. Rfc1 Ne4 19. Qf4 Be5 20. Qe3 Nc5 21. f4 Bg7 22. Qd2 Re4 23. Rc4 Bxh3 24. gxh3 Qh4 25. Ra3 Rbe8 26. Bf1 Rxf4 27. Rf3 Ree4 28. Rxf4 Rxf4 29. Bg2 Qg3 30. Qe2 Be5 31. Bc3 Re4 32. Rxc5 Rxe2 33. Rc8+ Kg7 34. Nxe2 Qd3 35. Bxe5+ dxe5 36. Nc3 f5 37. Kf2 e4 38. Bf1 Qf3+ 0-1

[Event "OP-2021-0-05093"]
[Site "LSS email"]
[Date "2021.02.12"]
[Round "?"]
[White "Farr, Dorota"]
[Black "Hall, John"]
[Result "1/2-1/2"]
[WhiteElo "1658"]
[BlackElo "1625"]
[PlyCount "109"]
[EventDate "2021.01.31"]
[EventType "tourn (corr)"]
[EventRounds "4"]
[EventCountry "GER"]
[SourceTitle "Corr 2022"]
[Source "ChessBase"]
[SourceDate "2021.10.24"]
[SourceVersion "1"]
[SourceVersionDate "2021.10.24"]
[SourceQuality "1"]

1. d4 Nf6 2. f3 e6 3. e4 d5 4. e5 Nfd7 5. f4 c5 6. c3 Nc6 7. Bb5 cxd4 8. Bxc6 bxc6 9. cxd4 c5 10. Nf3 cxd4 11. Nbd2 Ba6 12. Nxd4 Nc5 13. Kf2 Be7 14. g3 Qb6 15. Kg2 0-0 16. N2f3 Rfc8 17. a3 Ne4 18. Re1 h6 19. b4 Bc4 20. Be3 Bf8 21. Nd2 Bd3 22. N2b3 Rc3 23. Rc1 Rac8 24. Rxc3 Rxc3 25. Qa1 h5 26. Bg1 Qa6 27. Qb2 Be7 28. Rc1 Rxc1 29. Qxc1 h4 30. Be3 hxg3 31. Kg1 gxh2+ 32. Kxh2 Bf8 33. Nc5 Nxc5 34. bxc5 Bc4 35. c6 Bc5 36. Qb2 Bb6 37. Kg3 Bf1 38. Qb3 g6 39. a4 Qa5 40. Nf3 Bc4 41. Bxb6 axb6 42. Qa3 Qc5 43. Qxc5 bxc5 44. Nd2 Ba6 45. Kf2 c4 46. Ke3 f6 47. exf6 Kf7 48. Kd4 Kxf6 49. Kc5 Bc8 50. a5 c3 51. Nb3 e5 52. fxe5+ Kxe5 53. Kb6 d4 54. a6 Bxa6 55. Kxa6 1/2-1/2

[Event "OP-2021-0-05093"]
[Site "LSS email"]
[Date "2021.02.02"]
[Round "?"]
[White "Shim Ng Min, Francis"]
[Black "Hall, John"]
[Result "0-1"]
[WhiteElo "1168"]
[BlackElo "1625"]
[PlyCount "72"]
[EventDate "2021.01.31"]
[EventType "tourn (corr)"]
[EventRounds "4"]
[EventCountry "GER"]
[SourceTitle "Corr 2022"]
[Source "ChessBase"]
[SourceDate "2021.10.24"]
[SourceVersion "1"]
[SourceVersionDate "2021.10.24"]
[SourceQuality "1"]

1. e4 e6 2. d4 d5 3. Nc3 dxe4 4. Nxe4 Nd7 5. Bd3 Ngf6 6. Nf3 c5 7. dxc5 Nxc5 8. Nxc5 Bxc5 9. 0-0 0-0 10. Bg5 b6 11. Qe2 Bb7 12. Rad1 Qc7 13. Bxf6 gxf6 14. Be4 Bxe4 15. Qxe4 Rfd8 16. c3 Rxd1 17. Rxd1 Rd8 18. Rxd8+ Qxd8 19. g3 Qc7 20. Nd4 f5 21. Qa8+ Kg7 22. Nb3 Be7 23. Qe8 Bf6 24. Qb5 Qd6 25. Qe2 h5 26. h4 Qd5 27. Qd2 Qf3 28. Nd4 Qg4 29. Kg2 Bxh4 30. Nxe6+ fxe6 31. Qd7+ Kf8 32. Qxe6 Be7 33. Qh6+ Kf7 34. Qh7+ Ke6 35. Qh6+ Bf6 36. Qe3+ Qe4+ 0-1

[Event "BCF-chT3Sa 1819 (4NCL)"]
[Site "England"]
[Date "2019.02.10"]
[Round "6.31"]
[White "Voyiakis, Emmanuel"]
[Black "Hall, John"]
[Result "1/2-1/2"]
[WhiteElo "2110"]
[BlackElo "2208"]
[PlyCount "43"]
[EventDate "2018.11.17"]
[EventType "team-tourn"]
[EventRounds "7"]
[EventCountry "ENG"]
[SourceTitle "EXT 2021"]
[Source "ChessBase"]
[SourceDate "2020.10.23"]
[SourceVersion "1"]
[SourceVersionDate "2020.10.23"]
[SourceQuality "1"]
[WhiteTeam "Fermented Sharks"]
[BlackTeam "Leeds University Old Boys"]
[WhiteTeamCountry "ENG"]
[BlackTeamCountry "ENG"]

1. e4 c5 2. Nf3 d6 3. d4 cxd4 4. Nxd4 Nf6 5. Nc3 g6 6. Be3 Bg7 7. f3 Nc6 8. Qd2 0-0 9. 0-0-0 d5 10. exd5 Nxd5 11. Nxc6 bxc6 12. Bd4 Bxd4 13. Qxd4 Qb6 14. Bc4 Qxd4 15. Rxd4 Nb6 16. Bb3 c5 17. Re4 c4 18. Ba4 Be6 19. Rd1 Rfd8 20. Red4 Rxd4 21. Rxd4 Rc8 22. Kd2 1/2-1/2

[Event "BCF-chT3Sa 1819 (4NCL)"]
[Site "England"]
[Date "2019.01.13"]
[Round "4.31"]
[White "Rice, Christopher"]
[Black "Hall, John"]
[Result "0-1"]
[WhiteElo "1998"]
[BlackElo "2192"]
[PlyCount "78"]
[EventDate "2018.11.17"]
[EventType "team-tourn"]
[EventRounds "7"]
[EventCountry "ENG"]
[SourceTitle "EXT 2021"]
[Source "ChessBase"]
[SourceDate "2020.10.23"]
[SourceVersion "1"]
[SourceVersionDate "2020.10.23"]
[SourceQuality "1"]
[WhiteTeam "CSC II"]
[BlackTeam "Leeds University Old Boys"]
[WhiteTeamCountry "ENG"]
[BlackTeamCountry "ENG"]

1. c4 Nf6 2. g3 e5 3. Bg2 c6 4. Nf3 e4 5. Nd4 d5 6. d3 dxc4 7. dxe4 Bc5 8. e3 Nbd7 9. f4 Nb6 10. h3 0-0 11. Nc3 Qe7 12. 0-0 Rd8 13. e5 Nfd5 14. Ne4 f6 15. Nxc5 fxe5 16. Nde6 Bxe6 17. Nxe6 Qxe6 18. Qf3 Nf6 19. f5 Qe7 20. g4 e4 21. Qe2 h6 22. Bd2 Rd3 23. Bc3 Nbd5 24. Bxf6 gxf6 25. Qf2 Nxe3 26. Rfe1 Nxg2 27. Kxg2 Qe5 28. Re2 Rad8 29. Rae1 Qd5 30. Qf4 e3+ 31. Kg1 Kg7 32. Rxe3 Rxe3 33. Qxe3 Rd7 34. Re2 Qd3 35. Qe6 Qg3+ 36. Kf1 Rd1+ 37. Re1 Qxh3+ 38. Kf2 Qh4+ 39. Kf1 Qxe1+ 0-1

[Event "BCF-chT3Sa 1819 (4NCL)"]
[Site "England"]
[Date "2019.01.12"]
[Round "3.11"]
[White "Hall, John"]
[Black "Tukpetov, Evgeny"]
[Result "1-0"]
[WhiteElo "2192"]
[BlackElo "2233"]
[PlyCount "95"]
[EventDate "2018.11.17"]
[EventType "team-tourn"]
[EventRounds "7"]
[EventCountry "ENG"]
[SourceTitle "EXT 2021"]
[Source "ChessBase"]
[SourceDate "2020.10.23"]
[SourceVersion "1"]
[SourceVersionDate "2020.10.23"]
[SourceQuality "1"]
[WhiteTeam "Leeds University Old Boys"]
[BlackTeam "Kings Head"]
[WhiteTeamCountry "ENG"]
[BlackTeamCountry "ENG"]

1. e4 b6 2. d4 Bb7 3. Bd3 Nf6 4. Nc3 e6 5. Nge2 c5 6. d5 exd5 7. exd5 Nxd5 8. Nxd5 Bxd5 9. 0-0 Be6 10. Nf4 Nc6 11. Nxe6 dxe6 12. Bf4 Be7 13. Bb5 Qxd1 14. Raxd1 Rc8 15. Ba6 Rd8 16. Rxd8+ Nxd8 17. Bb5+ Kf8 18. Rd1 f6 19. Bd6 a6 20. Bxa6 Bxd6 21. Rxd6 Ke7 22. Rxb6 h5 23. a4 Kd7 24. a5 Kc7 25. c3 h4 26. Be2 Nc6 27. Rb5 Rb8 28. Rxb8 Kxb8 29. a6 Ka7 30. f4 Nb8 31. Kf2 Nxa6 32. Bxa6 Kxa6 33. b3 Kb5 34. Kf3 Kc6 35. Ke4 Kd6 36. Kd3 Kd5 37. b4 cxb4 38. cxb4 g6 39. Kc3 f5 40. h3 e5 41. fxe5 Kxe5 42. Kc4 Kd6 43. Kd4 g5 44. Kc4 g4 45. Kd4 f4 46. hxg4 f3 47. Ke3 fxg2 48. Kf2 1-0

[Event "BCF-chT3S 1718 (4NCL) Demotion pool"]
[Site "England"]
[Date "2018.05.06"]
[Round "10.71"]
[White "Davies, Matthew"]
[Black "Hall, John"]
[Result "1/2-1/2"]
[WhiteElo "1939"]
[BlackElo "2180"]
[PlyCount "38"]
[EventDate "2017.11.11"]
[EventType "team-tourn"]
[EventRounds "11"]
[EventCountry "ENG"]
[SourceTitle "EXT 2020"]
[Source "ChessBase"]
[SourceDate "2019.10.17"]
[SourceVersion "1"]
[SourceVersionDate "2019.10.17"]
[SourceQuality "1"]
[WhiteTeam "West is Best III"]
[BlackTeam "Leeds University Old Boys"]
[WhiteTeamCountry "WLS"]
[BlackTeamCountry "ENG"]

1. d4 Nf6 2. c4 c5 3. d5 e6 4. Nc3 exd5 5. cxd5 d6 6. e4 g6 7. Nf3 a6 8. a4 Bg4 9. Be2 Bg7 10. 0-0 Bxf3 11. Bxf3 0-0 12. Bf4 Qe7 13. Qd2 Nbd7 14. a5 h5 15. h3 Nh7 16. Rfe1 Qf6 17. Bh2 Rfe8 18. Qf4 Qxf4 19. Bxf4 Be5 1/2-1/2

[Event "BCF-chT3Sa 1718 (4NCL)"]
[Site "England"]
[Date "2018.01.14"]
[Round "4.11"]
[White "Willmoth, Robert"]
[Black "Hall, John"]
[Result "0-1"]
[WhiteElo "2212"]
[BlackElo "2180"]
[PlyCount "75"]
[EventDate "2017.11.11"]
[EventType "team-tourn"]
[EventRounds "11"]
[EventCountry "ENG"]
[SourceTitle "EXT 2020"]
[Source "ChessBase"]
[SourceDate "2019.10.17"]
[SourceVersion "1"]
[SourceVersionDate "2019.10.17"]
[SourceQuality "1"]
[WhiteTeam "Barnet Knights"]
[BlackTeam "Leeds University Old Boys"]
[WhiteTeamCountry "ENG"]
[BlackTeamCountry "ENG"]

1. d4 Nf6 2. Nf3 c5 3. d5 g6 4. c4 Bg7 5. Nc3 d6 6. e3 0-0 7. Be2 e6 8. 0-0 exd5 9. cxd5 Na6 10. Nd2 Nc7 11. a4 Nfxd5 12. Nxd5 Nxd5 13. Nc4 Be6 14. e4 Nb4 15. Qb3 Nc6 16. Bf4 Nd4 17. Qd3 d5 18. exd5 Qxd5 19. Ne3 Qb3 20. Rfb1 Rfd8 21. Qd1 Qb4 22. g3 Nb3 23. Qf1 Nd2 24. Qg2 Nxb1 25. Rxb1 Rd2 26. Bb5 Rxb2 27. Rxb2 Bxb2 28. Qxb7 Rd8 29. Kg2 Qd4 30. Bc6 c4 31. Bg5 Rc8 32. Bh6 Qb6 33. Qxb6 axb6 34. Be4 Bd4 35. Nc2 Bc5 36. Bd2 Rd8 37. Bc3 Bd5 38. Kf3 0-1

[Event "Llucmajor op 6th"]
[Site "Llucmajor"]
[Date "2017.05.14"]
[Round "2"]
[White "Pap, Misa"]
[Black "Hall, John"]
[Result "1-0"]
[WhiteElo "2480"]
[BlackElo "2176"]
[PlyCount "69"]
[EventDate "2017.05.14"]
[EventType "swiss"]
[EventRounds "9"]
[EventCountry "ESP"]
[SourceTitle "CBM 178 Extra"]
[Source "ChessBase"]
[SourceDate "2017.06.22"]
[SourceVersion "1"]
[SourceVersionDate "2017.06.22"]
[SourceQuality "1"]

1. e4 c5 2. c3 Nf6 3. e5 Nd5 4. Nf3 Nc6 5. Bc4 Nb6 6. Bb3 d5 7. exd6 Qxd6 8. Na3 a6 9. 0-0 e6 10. d4 cxd4 11. cxd4 Be7 12. Qd3 Nb4 13. Qe4 N4d5 14. Re1 Bd7 15. Ne5 Bc6 16. Qg4 0-0 17. Bh6 Bf6 18. Rad1 Rfe8 19. Rd3 g6 20. h4 Bg7 21. Bxg7 Kxg7 22. h5 Qe7 23. Rh3 f5 24. Qg3 g5 25. h6+ Kg8 26. Rh5 g4 27. Nxc6 bxc6 28. Rxf5 exf5 29. Rxe7 Rxe7 30. Qd6 Kh8 31. Bxd5 Nxd5 32. Qxc6 Rd8 33. Nc4 Kg8 34. Ne5 a5 35. Qc2 1-0

[Event "OP-2016-0-04046"]
[Site "LSS email"]
[Date "2016.05.17"]
[Round "?"]
[White "Astroukh, Vitalij"]
[Black "Hall, John"]
[Result "1-0"]
[WhiteElo "2358"]
[BlackElo "800"]
[PlyCount "76"]
[EventDate "2016.05.09"]
[EventType "tourn (corr)"]
[EventRounds "4"]
[EventCountry "GER"]
[SourceTitle "Corr 2022"]
[Source "ChessBase"]
[SourceDate "2021.10.24"]
[SourceVersion "1"]
[SourceVersionDate "2021.10.24"]
[SourceQuality "1"]

1. c4 e6 2. Nc3 d5 3. d4 Nf6 4. Nf3 c6 5. g3 Be7 6. Bg2 0-0 7. 0-0 Nbd7 8. Qd3 b6 9. cxd5 cxd5 10. Bf4 a5 11. Nb5 Ba6 12. a4 Ne4 13. Rfc1 Bd6 14. Bxd6 Nxd6 15. e3 Rc8 16. Bf1 Qf6 17. Qd1 Bxb5 18. axb5 Ne4 19. Rc6 Rfd8 20. Rac1 Rb8 21. Bd3 Qf5 22. Rc7 Qg4 23. Kg2 Ng5 24. Nxg5 Qxg5 25. Qc2 Nf8 26. Ra7 Qf6 27. Qc7 Nd7 28. Rc6 g6 29. Be2 h6 30. Bf3 h5 31. h4 g5 32. hxg5 Qxg5 33. Rd6 Rbc8 34. Qb7 Rb8 35. Qc6 Nf8 36. Rxd8 Rxd8 37. Qc7 Nd7 38. Bxh5 Kf8 1-0

[Event "OP-2016-0-04046"]
[Site "LSS email"]
[Date "2016.05.17"]
[Round "?"]
[White "Lenz, Juergen"]
[Black "Hall, John"]
[Result "0-1"]
[WhiteElo "1098"]
[BlackElo "800"]
[PlyCount "62"]
[EventDate "2016.05.09"]
[EventType "tourn (corr)"]
[EventRounds "4"]
[EventCountry "GER"]
[SourceTitle "Corr 2022"]
[Source "ChessBase"]
[SourceDate "2021.10.24"]
[SourceVersion "1"]
[SourceVersionDate "2021.10.24"]
[SourceQuality "1"]

1. d4 Nf6 2. Nf3 e6 3. Bf4 Nh5 4. Bg5 Be7 5. Bxe7 Qxe7 6. e4 d6 7. g3 0-0 8. Bg2 Nf6 9. Qe2 e5 10. dxe5 dxe5 11. Nc3 Rd8 12. Rd1 Rxd1+ 13. Kxd1 Nc6 14. Kc1 Bg4 15. Rd1 Nd4 16. Qe3 Bxf3 17. Bxf3 c6 18. g4 h6 19. h4 Nh7 20. Bg2 Qxh4 21. f3 Ng5 22. Ne2 Qh2 23. Nxd4 Qxg2 24. Nf5 Nxf3 25. b4 Qxg4 26. Rf1 Ng5 27. Re1 Rd8 28. Kb2 Qf4 29. Qxa7 Nxe4 30. Ne7+ Kf8 31. Qxb7 Nd6 0-1

[Event "BCF-chT3Nb 1516 (4NCL)"]
[Site "England"]
[Date "2016.03.19"]
[Round "7.117"]
[White "Hall, John"]
[Black "Fabri, Henrik"]
[Result "1-0"]
[WhiteElo "2058"]
[BlackElo "1991"]
[PlyCount "161"]
[EventDate "2015.11.14"]
[EventType "team-swiss"]
[EventRounds "7"]
[EventCountry "ENG"]
[SourceTitle "EXT 2017"]
[Source "ChessBase"]
[SourceDate "2016.10.25"]
[SourceVersion "1"]
[SourceVersionDate "2016.10.25"]
[SourceQuality "1"]
[WhiteTeam "Spirit of Atticus II"]
[BlackTeam "Manx Ravens"]
[WhiteTeamCountry "ENG"]
[BlackTeamCountry "ENG"]

1. e4 Nf6 2. e5 Nd5 3. d4 d6 4. c4 Nb6 5. exd6 cxd6 6. Nc3 g6 7. Be3 Bg7 8. Bd3 Nc6 9. Nge2 0-0 10. Qd2 Nb4 11. Ng3 Nxd3+ 12. Qxd3 d5 13. b3 dxc4 14. bxc4 h5 15. h4 e5 16. d5 f5 17. Rc1 e4 18. Qe2 Nd7 19. Bg5 Qa5 20. Bd2 Nc5 21. Ncxe4 Qa3 22. Nxc5 Qxc5 23. 0-0 Bd7 24. Be3 Qc7 25. Bg5 Rfe8 26. Qd2 b6 27. Rfe1 Be5 28. Ne2 Qc5 29. Nf4 Qd6 30. Nd3 Bh2+ 31. Kh1 Re4 32. Rxe4 fxe4 33. Nf4 Bxf4 34. Bxf4 Qf6 35. Bg5 Qd6 36. Qd4 Bf5 37. Bh6 Qd7 38. c5 bxc5 39. Rxc5 Kh7 40. d6 Rd8 41. Bf4 Kg8 42. Re5 Qg7 43. Bg5 Rd7 44. Re8+ Kf7 45. Bf6 Qxf6 46. Rf8+ Kxf8 47. Qxf6+ Kg8 48. Kg1 Rf7 49. Qd4 Rd7 50. Kf1 Kf7 51. Qe5 Kg8 52. Ke2 Kh7 53. Ke3 Rb7 54. Qd5 Rd7 55. Kd4 Kg7 56. Kc5 Rf7 57. Qe5+ Kg8 58. a4 Rd7 59. Kc6 Rf7 60. Qe8+ Rf8 61. Qe5 Rf7 62. Qd4 Bd7+ 63. Kd5 Bf5 64. g3 Rd7 65. Qf6 Rf7 66. Qd8+ Rf8 67. Qc7 Rf7 68. Qc3 Rd7 69. Kc6 Rf7 70. Qd4 Rd7 71. a5 Rf7 72. d7 Bxd7+ 73. Qxd7 Rxd7 74. Kxd7 Kf7 75. Kd6 Kf6 76. Kd5 Kf5 77. a6 e3 78. fxe3 Kg4 79. e4 g5 80. hxg5 Kxg5 81. e5 1-0

[Event "BCF-chT3Sa 1516 (4NCL)"]
[Site "England"]
[Date "2016.02.13"]
[Round "5.85"]
[White "Rudd, Jack"]
[Black "Hall, John"]
[Result "1-0"]
[WhiteElo "2255"]
[BlackElo "2179"]
[PlyCount "85"]
[EventDate "2015.11.14"]
[EventType "team-swiss"]
[EventRounds "7"]
[EventCountry "ENG"]
[SourceTitle "EXT 2017"]
[Source "ChessBase"]
[SourceDate "2016.10.25"]
[SourceVersion "1"]
[SourceVersionDate "2016.10.25"]
[SourceQuality "1"]
[WhiteTeam "West is Best"]
[BlackTeam "Leeds University Old Boys"]
[WhiteTeamCountry "ENG"]
[BlackTeamCountry "ENG"]

1. d4 Nf6 2. c4 c5 3. d5 e6 4. Nc3 exd5 5. cxd5 d6 6. Nf3 g6 7. Bf4 a6 8. a4 Bg7 9. e4 Bg4 10. Bd3 0-0 11. 0-0 Nh5 12. Be3 Nd7 13. Be2 Bxf3 14. Bxf3 Nhf6 15. Bf4 Qe7 16. h3 h5 17. Qd2 Nh7 18. Rae1 Qf6 19. Be2 Qd4 20. Qc1 Ne5 21. Be3 Qb4 22. f4 Nc4 23. Na2 Nxe3 24. Nxb4 Nxf1 25. Bxf1 cxb4 26. e5 Bh6 27. Qc4 a5 28. exd6 Rad8 29. f5 gxf5 30. Re5 Nf6 31. Rxf5 Rxd6 32. Qh4 Bg7 33. Qg3 Rfd8 34. Rg5 Ne8 35. Bb5 Kf8 36. Bxe8 Bd4+ 37. Kh1 Kxe8 38. Qd3 Bf6 39. Rxh5 Kf8 40. Qd2 Rc8 41. Rf5 b3 42. Qf4 Ke7 43. Rxf6 1-0

[Event "BCF-chT3Nb 1516 (4NCL)"]
[Site "England"]
[Date "2016.01.17"]
[Round "4.105"]
[White "Boswell, Jacob Connor"]
[Black "Hall, John"]
[Result "1/2-1/2"]
[WhiteElo "1787"]
[BlackElo "2058"]
[PlyCount "49"]
[EventDate "2015.11.14"]
[EventType "team-swiss"]
[EventRounds "7"]
[EventCountry "ENG"]
[SourceTitle "CBM 170 Extra"]
[Source "ChessBase"]
[SourceDate "2016.02.25"]
[SourceVersion "1"]
[SourceVersionDate "2016.02.25"]
[SourceQuality "1"]
[WhiteTeam "Cheddleton III"]
[BlackTeam "Spirit of Atticus II"]
[WhiteTeamCountry "ENG"]
[BlackTeamCountry "ENG"]

1. e4 c5 2. Nf3 Nc6 3. d4 cxd4 4. Nxd4 Nf6 5. Nc3 a6 6. Be3 e5 7. Nf3 d6 8. Bc4 Be7 9. Nd5 Nxd5 10. Bxd5 Be6 11. c4 Qd7 12. Bxe6 Qxe6 13. Qd5 Rc8 14. b3 0-0 15. 0-0 Qg6 16. Nd2 Rce8 17. a3 h6 18. f4 exf4 19. Bxf4 Qe6 20. Rae1 Qxd5 21. exd5 Ne5 22. Re3 Bg5 23. Bxg5 hxg5 24. Rfe1 f6 25. h3 1/2-1/2

[Event "OP-2016-0-03920"]
[Site "LSS email"]
[Date "2016.01.06"]
[Round "?"]
[White "Van Helden, Rene"]
[Black "Hall, John"]
[Result "1-0"]
[WhiteElo "800"]
[BlackElo "800"]
[PlyCount "111"]
[EventDate "2016.01.02"]
[EventType "tourn (corr)"]
[EventRounds "4"]
[EventCountry "GER"]
[SourceTitle "Corr 2022"]
[Source "ChessBase"]
[SourceDate "2021.10.24"]
[SourceVersion "1"]
[SourceVersionDate "2021.10.24"]
[SourceQuality "1"]

1. e4 e6 2. d4 d5 3. Nc3 dxe4 4. Nxe4 Nd7 5. Nf3 Ngf6 6. Nxf6+ Nxf6 7. c3 Be7 8. Bd3 0-0 9. Qe2 b6 10. Bf4 Bb7 11. 0-0-0 c5 12. dxc5 Qc8 13. cxb6 axb6 14. Kb1 Qc5 15. a3 Rfc8 16. c4 Qh5 17. Be5 Nd7 18. Bd4 Qg4 19. Rhg1 Nc5 20. Bc2 Be4 21. Ka1 Bxc2 22. Qxc2 Qf4 23. Ne5 f6 24. g3 Qg5 25. Nd3 Qg6 26. Bxc5 Bxc5 27. Qe2 e5 28. Nxc5 Rxc5 29. Rd6 Qf7 30. Rc1 b5 31. Qd1 Qc7 32. b4 Qa7 33. Rd8+ Rxd8 34. Qxd8+ Kf7 35. Qd3 Rxc4 36. Rxc4 bxc4 37. Qxc4+ Ke7 38. Qc5+ Qxc5 39. bxc5 Ke6 40. Kb2 Kd5 41. Kc3 Kxc5 42. a4 h5 43. h4 f5 44. f3 Kd5 45. a5 Kc5 46. a6 Kb6 47. Kc4 f4 48. gxf4 exf4 49. Kd3 Kxa6 50. Ke4 Kb5 51. Kxf4 Kc6 52. Kg5 Kd5 53. Kxh5 Ke5 54. Kg6 Kf4 55. h5 Kxf3 56. Kxg7 1-0

[Event "BCF-chT3Nb 1516 (4NCL)"]
[Site "England"]
[Date "2015.11.15"]
[Round "2.118"]
[White "Hall, John"]
[Black "Gardiner, Eric D"]
[Result "1/2-1/2"]
[WhiteElo "2087"]
[BlackElo "1944"]
[PlyCount "111"]
[EventDate "2015.11.14"]
[EventType "team-swiss"]
[EventRounds "7"]
[EventCountry "ENG"]
[SourceTitle "CBM 169 Extra"]
[Source "ChessBase"]
[SourceDate "2015.12.18"]
[SourceVersion "1"]
[SourceVersionDate "2015.12.18"]
[SourceQuality "1"]
[WhiteTeam "Spirit of Atticus II"]
[BlackTeam "Bradford DCA Knights II"]
[WhiteTeamCountry "ENG"]
[BlackTeamCountry "ENG"]

1. c4 e5 2. Nc3 Nc6 3. e4 g6 4. Nge2 Bg7 5. d3 d6 6. g3 Be6 7. Bg2 Qd7 8. Nd5 Nce7 9. Be3 c6 10. Ndc3 Nf6 11. h3 d5 12. exd5 cxd5 13. cxd5 Nfxd5 14. Bc5 0-0 15. 0-0 Rfd8 16. Kh2 Nc6 17. Ne4 Ndb4 18. Bxb4 Nxb4 19. Nc5 Qe7 20. Nxb7 Rxd3 21. Qa4 Bd5 22. Na5 Bxg2 23. Kxg2 e4 24. Nc4 Rad8 25. Rad1 Rxd1 26. Rxd1 Rxd1 27. Qxd1 Nd3 28. b3 Qf6 29. Nf4 Nxf4+ 30. gxf4 Qxf4 31. Qg4 Be5 32. Qxf4 Bxf4 33. f3 f5 34. fxe4 fxe4 35. Kf2 Kf7 36. Na5 Ke6 37. Ke2 Kd5 38. Nc4 g5 39. Nb2 h5 40. Nd1 a6 41. Nf2 Kd4 42. a3 Bg3 43. Nd1 Bd6 44. b4 Bf4 45. Nf2 Be3 46. Nd1 Bc1 47. a4 g4 48. hxg4 hxg4 49. b5 axb5 50. axb5 g3 51. b6 Bf4 52. b7 Kc5 53. Nc3 Kc6 54. Nxe4 Kxb7 55. Kf3 g2 56. Kxg2 1/2-1/2

[Event "BCF-chT3Nb 1516 (4NCL)"]
[Site "England"]
[Date "2015.11.14"]
[Round "1.108"]
[White "Green, Andrew"]
[Black "Hall, John"]
[Result "1-0"]
[WhiteElo "2165"]
[BlackElo "2087"]
[PlyCount "111"]
[EventDate "2015.11.14"]
[EventType "team-swiss"]
[EventRounds "7"]
[EventCountry "ENG"]
[SourceTitle "CBM 169 Extra"]
[Source "ChessBase"]
[SourceDate "2015.12.18"]
[SourceVersion "1"]
[SourceVersionDate "2015.12.18"]
[SourceQuality "1"]
[WhiteTeam "Alba"]
[BlackTeam "Spirit of Atticus II"]
[WhiteTeamCountry "ENG"]
[BlackTeamCountry "ENG"]

1. d4 Nf6 2. Nf3 c5 3. d5 d6 4. Nc3 e5 5. e4 g6 6. Bb5+ Nbd7 7. a4 Bg7 8. 0-0 a6 9. Be2 0-0 10. Nd2 Ne8 11. Nc4 f5 12. exf5 gxf5 13. f4 Nb6 14. Na3 Rb8 15. a5 Nd7 16. Nc4 Kh8 17. Na4 e4 18. Ra3 Ndf6 19. Nab6 Rg8 20. Bd2 Nc7 21. Nxc8 Rxc8 22. Nb6 Rb8 23. c4 Nce8 24. Qa4 Qe7 25. b4 Rd8 26. bxc5 dxc5 27. Be3 Nd7 28. Nxd7 Rxd7 29. Rd1 Bd4 30. Rxd4 Qg7 31. Kf1 cxd4 32. Bxd4 Qxd4 33. Qxd7 Qb2 34. Re3 Qd2 35. Rh3 Qxf4+ 36. Kg1 Ng7 37. Qe7 Re8 38. Qh4 Qxh4 39. Rxh4 Kg8 40. Kf2 Kf7 41. Rh6 f4 42. Rh4 Kf6 43. Rxf4+ Ke5 44. Rf7 Nf5 45. Rxb7 Kd4 46. g4 e3+ 47. Ke1 Nd6 48. Rb6 Ne4 49. Rxa6 Rf8 50. Rb6 Nc3 51. a6 Nxe2 52. Kxe2 Rf2+ 53. Ke1 Ra2 54. d6 Kd3 55. Rb3+ Kxc4 56. d7 1-0

[Event "BCF-chT3 1415 (4NCL)"]
[Site "England"]
[Date "2015.03.21"]
[Round "8.99"]
[White "Pafura, Godfrey"]
[Black "Hall, John"]
[Result "1-0"]
[WhiteElo "2075"]
[BlackElo "2264"]
[PlyCount "137"]
[EventDate "2015.03.21"]
[EventType "team-swiss"]
[EventRounds "11"]
[EventCountry "ENG"]
[SourceTitle "EXT 2016"]
[Source "ChessBase"]
[SourceDate "2015.10.08"]
[SourceVersion "1"]
[SourceVersionDate "2015.10.08"]
[SourceQuality "1"]
[WhiteTeam "BCM Rhinos II"]
[BlackTeam "Leeds University Old Boys"]
[WhiteTeamCountry "ENG"]
[BlackTeamCountry "ENG"]

1. d4 Nf6 2. Nf3 c5 3. e3 g6 4. c3 b6 5. Ne5 a6 6. dxc5 bxc5 7. Bc4 d5 8. Bb3 Qd6 9. f4 Bg7 10. e4 e6 11. Nxf7 Kxf7 12. e5 Qb6 13. exf6 Bxf6 14. Be3 d4 15. cxd4 cxd4 16. Bf2 Bb7 17. 0-0 Qc6 18. Qg4 Re8 19. Nd2 Nd7 20. Rac1 Nc5 21. Nf3 Qb6 22. Ne5+ Kg7 23. Bxd4 Rac8 24. Bf2 Qb4 25. Rc4 Qb5 26. Rc3 Be4 27. Rfc1 Nxb3 28. axb3 Rxc3 29. Rxc3 Re7 30. h3 h5 31. Qg3 Qd5 32. Kh2 Qd2 33. Re3 Qd5 34. Be1 Bxe5 35. fxe5 Rf7 36. Qg5 Rf5 37. Qe7+ Rf7 38. Qg5 Rf5 39. Qg3 Rf7 40. Re2 Qd3 41. Re3 Qc2 42. Bd2 Bd5 43. Rd3 h4 44. Qe3 Kg8 45. Rd4 Qc5 46. Bc3 g5 47. Bb4 Qb6 48. Qd2 Rf5 49. Rxd5 exd5 50. Qxd5+ Kh7 51. Qd7+ Kg6 52. Bd6 Rf1 53. Qe6+ Kh7 54. Qe7+ Kg6 55. Bc5 Qc6 56. b4 Rf7 57. Qd8 Qe6 58. Qd3+ Rf5 59. Bd6 Kh6 60. Qxa6 Rxe5 61. b5 Re2 62. Qc6 Kg6 63. b4 Rd2 64. Bc7 Kf7 65. Qf3+ Ke7 66. b6 Kd7 67. Qa8 Qd5 68. Qd8+ Kc6 69. b5+ 1-0

[Event "BCF-chT3S 1415 (4NCL)"]
[Site "England"]
[Date "2015.02.15"]
[Round "6.155"]
[White "Lambourne, Daniel M"]
[Black "Hall, John"]
[Result "1/2-1/2"]
[WhiteElo "2011"]
[BlackElo "2247"]
[PlyCount "76"]
[EventDate "2014.11.15"]
[EventType "team-swiss"]
[EventRounds "6"]
[EventCountry "ENG"]
[SourceTitle "EXT 2016"]
[Source "ChessBase"]
[SourceDate "2015.10.08"]
[SourceVersion "1"]
[SourceVersionDate "2015.10.08"]
[SourceQuality "1"]
[WhiteTeam "MK Phoenix II"]
[BlackTeam "Leeds University Old Boys"]
[WhiteTeamCountry "ENG"]
[BlackTeamCountry "ENG"]

1. d4 Nf6 2. Nf3 c5 3. e3 g6 4. Be2 Bg7 5. 0-0 cxd4 6. exd4 0-0 7. Nc3 d5 8. b3 Nc6 9. Bb2 Ne4 10. Nb1 Qa5 11. c3 Rd8 12. Qc1 Bf5 13. Rd1 Rac8 14. Qf4 a6 15. g4 Be6 16. h4 h6 17. g5 h5 18. Ne1 f6 19. f3 fxg5 20. Qe3 Ng3 21. Qxe6+ Kh7 22. Bd3 Qc7 23. Qxg6+ Kg8 24. Qxg5 e6 25. Kg2 Nf5 26. Nc2 Rf8 27. Rg1 Qf7 28. Nd2 Nce7 29. Rae1 Kh8 30. Qf4 Ng6 31. Qh2 Bh6 32. Bxf5 Bxd2 33. Kh1 Qxf5 34. Qxd2 Qxf3+ 35. Qg2 Nxh4 36. Qxf3 Nxf3 37. Rxe6 Nxg1 38. Kxg1 Rf5 1/2-1/2